000 01190nam a2200277Ia 4500
005 20250425162610.0
008 250425s9999 xx 000 0 und d
020 _a9789942116857
041 _aafr
082 _a597.58
100 _aMARTINEZ ORTIZ, JIMMY
245 0 _aESTADO ACTUAL DEL CONOCIMIENTO DEL RECURSO DORADO(CORYPHAENA HIPPURUS) LINNAEU S, 1758 EN AGUAS DEL OCEANO PACIFICO SURORIENTAL (2008-2011) : "DINAMICA DE LA POBLACION:PESCA Y BIOLOGIA DEL DORADO
250 _aS.E.
260 _aEcuador
_bECUADOR. MINISTERIO DE AGRICULTURA, ACUACULTURA Y PESCA (MAGAP)
_c2012
260 _aS.L.
_bECUADOR. MINISTERIO DE AGRICULTURA, ACUACULTURA Y PESCA (MAGAP)
300 _a122
500 _aEstudio de caso. Informe tecnico final del proyecto dinamica de la poblacion y la pesca y la biologia del dorado en ecuador
500 _aTítulo Traducido: case study: current state of knowledge of the resource (coryphaena hippurus) linnaeus, 1758 in south
650 _aPECES MARINOS
650 _aPESCA BLANCA
650 _aPEZ DORADO
700 _aZUÑIGA FLORES, MARCELA
710 _aECUADOR MINISTERIO DE AGRICULTURA Y GANADERIA
942 _c01
010 _a88869
999 _c232557
_d232557